Practicum del derecho tributario espaǫl

Detalles Bibliográficos
Autor principal: Fernǹdez de Soto Blass, Mara̕ Luisa
Formato: Desconocido
Lenguaje:español
Publicado: Madrid : Dykinson, 2005
Materias:
Acceso en línea:Acceso restringido

MARC

LEADER 00000ny a22000003n 4500
005 2011062105195.0
006 m u
007 cr cn|||||||||
008 200607r2005 sp |||||s|||||||||||spa d
020 |a 9788497727471 
035 |a 1253 
040 |a FlNmELB  |c FlNmELB  |d vlex 
050 1 4 |a HM51  |b F362 2005eb 
080 |a 316 
090 |c 1281  |d 1281 
100 1 |a Fernǹdez de Soto Blass, Mara̕ Luisa 
245 1 0 |a Practicum del derecho tributario espaǫl  |h [Recurso electrn̤ico]  |c Mara̕ Luisa Fernǹdez de Soto Blass 
256 |a Servicio en ln̕ea 
260 |a Madrid :  |b Dykinson,  |c 2005 
300 |a 567 p 
506 1 |a Contenido solo disponible en los productos indicados  |d vLex Global  |d vLex Global (Academic Edition, excluding Law Schools)  |d vLex Global (U.S. Academic Edition, Law Schools)  |d vLex Global (U.S. Academic Edition, excluding Law Schools)  |d vLex Global (Academic Edition, Law Schools) 
650 0 7 |2 Tesauro vLex  |a Tributario 
650 0 7 |2 Tesauro vLex  |a Derecho tributario 
740 0 |a vLex Libros (Servicios en ln̕ea) 
856 4 0 |z Acceso restringido  |u http://vlex.com/source/1253 
942 |c BOOK